[Event "4NCL Division 1c"]
[Site "Telford, ENG"]
[Date "2019.05.05"]
[Round "10.34"]
[White "Hebden, Mark L"]
[Black "Pigott, John C"]
[Result "0-1"]
[WhiteElo "2420"]
[BlackElo "2384"]
[PlyCount "80"]
[EventDate "2019.05.05"]
[WhiteTeam "Guildford 2"]
[BlackTeam "Barbican 4NCL 1"]

1. d4 Nf6 2. Nc3 d5 3. Bf4 a6 4. e3 e6 5. Nf3 c5 6. Bd3 Nc6 7. O-O c4 8. Be2 b5
9. Ne5 Bb7 10. a3 Be7 11. Bf3 O-O 12. h3 Qb6 13. g4 a5 14. Bg2 Nxe5 15. Bxe5 b4
16. Ne2 Bc6 17. a4 Qb7 18. b3 Rac8 19. f3 Qb6 20. Rf2 Bb7 21. Bg3 Ba6 22. Bf1
Rc6 23. Rb1 Rfc8 24. Rg2 Qd8 25. Nf4 Bd6 26. g5 Ne8 27. h4 g6 28. Qe1 Ng7 29.
Ne2 Nf5 30. Bf2 cxb3 31. cxb3 Bd3 32. Rb2 Rc2 33. Rxc2 Bxc2 34. Nc1 Rc3 35. Rg4
Qc7 36. e4 Bxe4 37. fxe4 Rxc1 38. Qe2 Rc2 39. Qb5 dxe4 40. Rxe4 Bh2+ 0-1

[Event "4NCL Division 1c"]
[Site "Telford, ENG"]
[Date "2019.05.05"]
[Round "10.35"]
[White "Griffiths, Ryan Rhys"]
[Black "Ris, Robert"]
[Result "1/2-1/2"]
[WhiteElo "2355"]
[BlackElo "2461"]
[PlyCount "74"]
[EventDate "2019.05.05"]
[WhiteTeam "Barbican 4NCL 1"]
[BlackTeam "Guildford 2"]

1. c4 b6 2. Nc3 Bb7 3. e4 e5 4. g3 Nc6 5. Bg2 Bc5 6. Nge2 Nge7 7. O-O O-O 8.
Na4 d6 9. a3 a5 10. d3 Qd7 11. Rb1 Nd4 12. Nec3 Bc6 13. Nxc5 bxc5 14. f4 exf4
15. gxf4 f5 16. Be3 Ng6 17. Qh5 Rf6 18. Rf2 Raf8 19. Rbf1 Qf7 20. b4 axb4 21.
axb4 fxe4 22. Bxd4 cxd4 23. Nxe4 Bxe4 24. Bxe4 Kh8 25. f5 Ne5 26. Qxf7 R6xf7
27. b5 g6 28. fxg6 Rxf2 29. Rxf2 Rxf2 30. Kxf2 hxg6 31. Kg3 Kg7 32. Kf4 Kf6 33.
h4 Nd7 34. Bf3 Nc5 35. Be2 Kg7 36. Bf1 Kf6 37. Be2 Kg7 1/2-1/2

[Event "4NCL Division 1c"]
[Site "Telford, ENG"]
[Date "2019.05.05"]
[Round "10.36"]
[White "Wadsworth, Matthew J"]
[Black "Jackson, James P"]
[Result "1-0"]
[WhiteElo "2398"]
[BlackElo "2388"]
[PlyCount "101"]
[EventDate "2019.05.05"]
[WhiteTeam "Guildford 2"]
[BlackTeam "Barbican 4NCL 1"]

1. g3 g6 2. Bg2 Bg7 3. Nf3 Nf6 4. c4 O-O 5. Nc3 d6 6. O-O e5 7. d3 h6 8. Rb1 a5
9. a3 Be6 10. Nd2 Qc8 11. Re1 Bh3 12. Bh1 Ng4 13. Nd5 Qd8 14. Qb3 Ra7 15. Ne4
a4 16. Qd1 f5 17. f3 fxe4 18. fxg4 exd3 19. exd3 Qd7 20. g5 Bg4 21. Qc2 hxg5
22. Bxg5 Nc6 23. Be3 Raa8 24. Be4 Kh7 25. Rf1 Bh3 26. Rf2 Rxf2 27. Qxf2 Bf5 28.
Qf3 Bxe4 29. Qxe4 Rf8 30. Kg2 Qf7 31. Re1 Bh6 32. Qh4 Qf3+ 33. Kg1 g5 34. Qh3
e4 35. Nxc7 Rf6 36. Ne6 Kg8 37. Nd4 Nxd4 38. Bxd4 g4 39. Qh5 Bd2 40. Qe8+ Kh7
41. Qxe4+ Qxe4 42. Rxe4 Rf3 43. Rxg4 Rxd3 44. Kg2 Bc1 45. Kh3 Rb3 46. Rg7+ Kh6
47. Rd7 Bxb2 48. Rxd6+ Kg5 49. Rd5+ Kg6 50. Bxb2 Rxb2 51. Ra5 1-0

[Event "4NCL Division 1c"]
[Site "Telford, ENG"]
[Date "2019.05.05"]
[Round "10.37"]
[White "Taylor, Martin R"]
[Black "Suarez Real, Alberto"]
[Result "1-0"]
[WhiteElo "2335"]
[BlackElo "2445"]
[PlyCount "81"]
[EventDate "2019.05.05"]
[WhiteTeam "Barbican 4NCL 1"]
[BlackTeam "Guildford 2"]

1. d4 Nf6 2. c4 g6 3. Nc3 Bg7 4. e4 d6 5. f3 O-O 6. Be3 c5 7. Nge2 Nc6 8. d5
Ne5 9. Ng3 e6 10. Be2 exd5 11. cxd5 a6 12. a4 Bd7 13. O-O b5 14. h3 b4 15. Nb1
c4 16. f4 Nd3 17. Bxd3 cxd3 18. Qxd3 Re8 19. Nd2 a5 20. Nc4 Bc8 21. Bd4 Ba6 22.
b3 Bxc4 23. bxc4 Nd7 24. Bxg7 Kxg7 25. e5 dxe5 26. f5 Qb6+ 27. Kh1 Qd4 28. Qf3
e4 29. Qf4 Nf6 30. fxg6 fxg6 31. Qc7+ Kh8 32. Rad1 Qb2 33. d6 Qe5 34. Rxf6 Qxf6
35. d7 Red8 36. Nxe4 Qe7 37. Nc5 Qe2 38. Qd6 b3 39. Ne6 Kg8 40. Nxd8 Rxd8 41.
c5 1-0

[Event "4NCL Division 1c"]
[Site "Telford, ENG"]
[Date "2019.05.05"]
[Round "10.38"]
[White "Sarakauskas, Gediminas"]
[Black "Bhatia, Kanwal K"]
[Result "1-0"]
[WhiteElo "2434"]
[BlackElo "2046"]
[PlyCount "77"]
[EventDate "2019.05.05"]
[WhiteTeam "Guildford 2"]
[BlackTeam "Barbican 4NCL 1"]

1. d4 Nf6 2. c4 c5 3. d5 b5 4. cxb5 a6 5. bxa6 g6 6. Nc3 Bxa6 7. e4 Bxf1 8.
Kxf1 d6 9. g3 Bg7 10. Kg2 O-O 11. Nf3 Nbd7 12. h3 Ra6 13. Re1 Qa8 14. Kg1 Nb6
15. Qe2 Rb8 16. Bd2 Nfd7 17. Rec1 Na4 18. b3 Nxc3 19. Bxc3 Bxc3 20. Rxc3 Ra3
21. Qb2 Nb6 22. Nd2 e6 23. dxe6 fxe6 24. e5 dxe5 25. Rxc5 Nd7 26. Rc7 Ra7 27.
Rxa7 Qxa7 28. Re1 Qa5 29. Re2 Qd5 30. Nc4 e4 31. Rd2 Qc6 32. Qd4 Nc5 33. Ne5
Qb6 34. Rc2 Nd3 35. Rc8+ Kg7 36. Qd7+ Kh6 37. Ng4+ Kg5 38. Qe7+ Kh5 39. Qh4#
1-0

[Event "4NCL Division 1c"]
[Site "Telford, ENG"]
[Date "2019.05.05"]
[Round "10.41"]
[White "Alsina Leal, Daniel"]
[Black "Gormally, Daniel W"]
[Result "1-0"]
[WhiteElo "2470"]
[BlackElo "2509"]
[PlyCount "119"]
[EventDate "2019.05.05"]
[WhiteTeam "White Rose 1"]
[BlackTeam "Blackthorne Russia"]

1. e4 c5 2. Nf3 d6 3. d4 cxd4 4. Nxd4 Nf6 5. Nc3 a6 6. Bg5 e6 7. f4 Be7 8. Qf3
Qc7 9. O-O-O Nbd7 10. g4 b5 11. Bxf6 Nxf6 12. g5 Nd7 13. f5 Bxg5+ 14. Kb1 Ne5
15. Qh5 Qe7 16. Nxe6 Bxe6 17. fxe6 g6 18. exf7+ Kxf7 19. Qh3 Kg7 20. Nd5 Qd8
21. Be2 Rf8 22. Rhf1 Ra7 23. Rxf8 Qxf8 24. Rf1 Rf7 25. Rxf7+ Qxf7 26. Qg3 Bh6
27. Qg1 Qb7 28. h4 Kh8 29. a3 Bg7 30. h5 gxh5 31. Qg5 Qf7 32. Ka2 h6 33. Qxh5
Qxh5 34. Bxh5 Nc4 35. c3 Nd2 36. Nc7 Nxe4 37. Nxa6 d5 38. Bf3 Nxc3+ 39. bxc3
Bxc3 40. Nc7 Kg7 41. Nxd5 Ba5 42. Bh5 Be1 43. Kb3 Bg3 44. Nc3 Be1 45. Nxb5 Kf6
46. Nd4 Bf2 47. Nf3 Ke6 48. Kc4 Kd6 49. Kb5 Kc7 50. a4 Be3 51. Ne5 Bf2 52. Ng4
Be1 53. Nxh6 Bd2 54. Nf5 Be1 55. Nd4 Bd2 56. Bf3 Be3 57. Nc2 Bb6 58. Nb4 Ba7
59. Nd5+ Kd6 60. Nb6 1-0

[Event "4NCL Division 1c"]
[Site "Telford, ENG"]
[Date "2019.05.05"]
[Round "10.42"]
[White "Ansell, Simon T"]
[Black "Adair, James R"]
[Result "1/2-1/2"]
[WhiteElo "2333"]
[BlackElo "2474"]
[PlyCount "63"]
[EventDate "2019.05.05"]
[WhiteTeam "Blackthorne Russia"]
[BlackTeam "White Rose 1"]

1. d4 Nf6 2. Bf4 g6 3. Nc3 d5 4. e3 Bg7 5. h4 c6 6. Be2 Qb6 7. Rb1 h6 8. Nf3
Bg4 9. Ne5 Bxe2 10. Qxe2 Nbd7 11. O-O O-O 12. b4 e6 13. Rb3 Rfc8 14. Bg3 h5 15.
Rd1 Qd8 16. Nxd7 Nxd7 17. Na4 b5 18. Nc5 Nxc5 19. bxc5 Bf6 20. e4 Bxh4 21. Bxh4
Qxh4 22. e5 Rf8 23. Rh3 Qe7 24. Rdd3 Kg7 25. Rdf3 f5 26. exf6+ Rxf6 27. Qe5
Raf8 28. Rfg3 Rh8 29. Ra3 Rhf8 30. Rag3 Rh8 31. Rf3 Rhf8 32. Rfg3 1/2-1/2

[Event "4NCL Division 1c"]
[Site "Telford, ENG"]
[Date "2019.05.05"]
[Round "10.43"]
[White "Wells, Peter K"]
[Black "Ledger, Andrew J"]
[Result "1/2-1/2"]
[WhiteElo "2416"]
[BlackElo "2334"]
[PlyCount "33"]
[EventDate "2019.05.05"]
[WhiteTeam "White Rose 1"]
[BlackTeam "Blackthorne Russia"]

1. Nf3 Nf6 2. c4 c5 3. Nc3 Nc6 4. d4 cxd4 5. Nxd4 e6 6. g3 Bc5 7. Nb3 Be7 8.
Bg2 O-O 9. O-O b6 10. Bf4 Bb7 11. Nd5 exd5 12. cxd5 Re8 13. dxc6 dxc6 14. Qxd8
Raxd8 15. Rfd1 Nd5 16. Bxd5 Rxd5 17. Rxd5 1/2-1/2

[Event "4NCL Division 1c"]
[Site "Telford, ENG"]
[Date "2019.05.05"]
[Round "10.44"]
[White "Duncan, Chris R"]
[Black "Camacho Collados, Jose"]
[Result "0-1"]
[WhiteElo "2221"]
[BlackElo "2400"]
[PlyCount "82"]
[EventDate "2019.05.05"]
[WhiteTeam "Blackthorne Russia"]
[BlackTeam "White Rose 1"]

1. c4 Nf6 2. Nc3 c5 3. Nf3 b6 4. e4 Nc6 5. d4 cxd4 6. Nxd4 Bb7 7. Be2 g6 8. O-O
Bg7 9. Be3 O-O 10. f3 e6 11. Nxc6 Bxc6 12. Qd6 Ne8 13. Qd2 f5 14. Rad1 Qe7 15.
exf5 gxf5 16. f4 Rc8 17. Bd4 Rf7 18. Bh5 Bxd4+ 19. Qxd4 Rg7 20. Bf3 Qc5 21. b3
Kf8 22. Rd2 Ke7 23. Kh1 Qxd4 24. Rxd4 h5 25. Kg1 h4 26. a4 Bxf3 27. Rxf3 Nf6
28. Re3 Rg4 29. Nb5 Rcg8 30. Re2 Ne4 31. Nxa7 Rxf4 32. Nb5 Rf3 33. Rb2 h3 34.
b4 Re3 35. Rd1 f4 36. a5 bxa5 37. bxa5 f3 38. g3 f2+ 39. Kf1 Rgxg3 40. hxg3 h2
41. Kg2 Re1 0-1

[Event "4NCL Division 1c"]
[Site "Telford, ENG"]
[Date "2019.05.05"]
[Round "10.45"]
[White "McNab, Colin A"]
[Black "Ledger, Dave J"]
[Result "0-1"]
[WhiteElo "2417"]
[BlackElo "2260"]
[PlyCount "73"]
[EventDate "2019.05.05"]
[WhiteTeam "White Rose 1"]
[BlackTeam "Blackthorne Russia"]

1. c4 e5 2. Nc3 Bb4 3. Nd5 Bc5 4. Nf3 c6 5. Nc3 Qe7 6. d4 exd4 7. Nxd4 Nf6 8.
g3 Ne4 9. Be3 Nxc3 10. bxc3 Qe4 11. Rg1 d6 12. Qd3 Qe7 13. g4 g6 14. f4 O-O 15.
Bf2 Nd7 16. e3 Bb6 17. h3 Nc5 18. Qc2 Re8 19. Bd3 Bd7 20. Kf1 Ne4 21. Re1 Ba5
22. Bxe4 Qxe4 23. Rc1 Be6 24. Qe2 c5 25. Nxe6 Rxe6 26. Rg2 Rd8 27. h4 d5 28.
cxd5 Rxd5 29. Kg1 Rd3 30. Qb2 c4 31. Kh2 Bb6 32. Re1 Bxe3 33. Rxe3 Rxe3 34.
Bxe3 Qxe3 35. Qd2 Qd3 36. Kg1 Re3 37. Qb2 0-1

[Event "4NCL Division 1c"]
[Site "Telford, ENG"]
[Date "2019.05.05"]
[Round "10.46"]
[White "Eames, Robert S"]
[Black "Palliser, Richard J D"]
[Result "1/2-1/2"]
[WhiteElo "2134"]
[BlackElo "2411"]
[PlyCount "122"]
[EventDate "2019.05.05"]
[WhiteTeam "Blackthorne Russia"]
[BlackTeam "White Rose 1"]

1. d4 Nf6 2. c4 g6 3. Nc3 Bg7 4. e4 d6 5. Nf3 O-O 6. Be2 Nbd7 7. O-O e5 8. d5
Nc5 9. Qc2 a5 10. Bg5 h6 11. Be3 b6 12. Nd2 h5 13. f3 Nh7 14. a3 a4 15. Bxc5
dxc5 16. Nxa4 Bh6 17. Rfd1 Be3+ 18. Kh1 f5 19. Nf1 Bd4 20. Nc3 Ng5 21. Bd3 h4
22. exf5 gxf5 23. Nb5 e4 24. Be2 Bg7 25. f4 Nf7 26. Ne3 Bd7 27. g4 hxg3 28.
hxg3 Nd6 29. Nxd6 cxd6 30. Kg2 Bd4 31. Qd2 Qf6 32. Rab1 Kg7 33. Rh1 Rh8 34. Bh5
Rh6 35. Rh4 Rah8 36. Rbh1 Bxb2 37. g4 fxg4 38. Nxg4 Bxg4 39. Rxg4+ Kf8 40. Rg5
Ke7 41. Rh3 Bd4 42. Qe2 Qxf4 43. Rg4 Qf2+ 44. Qxf2 Bxf2 45. Rxe4+ Kd8 46. Bg4
Rxh3 47. Bxh3 Bd4 48. Rg4 Be5 49. Rg6 Kc7 50. Re6 b5 51. cxb5 c4 52. Bf5 c3 53.
a4 Rh5 54. Be4 Rh4 55. Bf5 Rxa4 56. Re8 Rf4 57. Rc8+ Kb7 58. Bd7 Rd4 59. Rc6
Rxd5 60. Bc8+ Kb8 61. b6 Rc5 1/2-1/2

[Event "4NCL Division 1c"]
[Site "Telford, ENG"]
[Date "2019.05.05"]
[Round "10.47"]
[White "Chow, Samuel"]
[Black "Ledger, Stephen C"]
[Result "1-0"]
[WhiteElo "2328"]
[BlackElo "2110"]
[PlyCount "61"]
[EventDate "2019.05.05"]
[WhiteTeam "White Rose 1"]
[BlackTeam "Blackthorne Russia"]

1. c4 e5 2. Nc3 Nc6 3. Nf3 g6 4. d4 exd4 5. Nxd4 Bg7 6. Nxc6 bxc6 7. g3 d6 8.
Bg2 Ne7 9. O-O O-O 10. Bg5 Rb8 11. Qd2 Bd7 12. b3 Re8 13. Ne4 f5 14. Nf6+ Bxf6
15. Bxf6 Kf7 16. Bb2 Ng8 17. Rfe1 Nf6 18. Qf4 Kg8 19. e4 Qe7 20. Qd2 fxe4 21.
f3 Qf7 22. Qc3 Rf8 23. Rxe4 Rbe8 24. Rae1 Bf5 25. R4e3 Rxe3 26. Rxe3 h5 27. h3
Kh7 28. g4 hxg4 29. fxg4 Nxg4 30. hxg4 Bxg4 31. Qe1 1-0

[Event "4NCL Division 1c"]
[Site "Telford, ENG"]
[Date "2019.05.05"]
[Round "10.48"]
[White "Camp, Syringa Lyn"]
[Black "Sucikova, Svetlana"]
[Result "0-1"]
[WhiteElo "1655"]
[BlackElo "2110"]
[PlyCount "72"]
[EventDate "2019.05.05"]
[WhiteTeam "Blackthorne Russia"]
[BlackTeam "White Rose 1"]

1. e4 c6 2. d4 d5 3. Nc3 dxe4 4. Nxe4 Bf5 5. Ng3 Bg6 6. h4 h6 7. Nf3 Nd7 8. h5
Bh7 9. Bd3 Bxd3 10. Qxd3 e6 11. Bf4 Qa5+ 12. c3 Ngf6 13. Ne5 Nd5 14. Bd2 Qc7
15. f4 Be7 16. O-O-O b5 17. Rde1 O-O 18. Ne4 Rab8 19. g4 Nxe5 20. fxe5 c5 21.
g5 hxg5 22. Bxg5 cxd4 23. Bxe7 Nxe7 24. h6 g6 25. Qf3 Nf5 26. Qf4 dxc3 27. Qg5
cxb2+ 28. Kb1 Rbc8 29. Nf6+ Kh8 30. Rh2 Qc3 31. Qg1 Qd3+ 32. Kxb2 Rc4 33. Rc1
Rfc8 34. Rxc4 Rxc4 35. Qxa7 Rb4+ 36. Kc1 Rb1# 0-1

[Event "4NCL Division 1c"]
[Site "Telford, ENG"]
[Date "2019.05.06"]
[Round "11.12"]
[White "Adams, Michael"]
[Black "Lupulescu, Constantin"]
[Result "1/2-1/2"]
[WhiteElo "2698"]
[BlackElo "2634"]
[PlyCount "39"]
[EventDate "2019.05.06"]
[WhiteTeam "Guildford 1"]
[BlackTeam "Chess.com Manx Liberty 1"]

1. e4 e6 2. d4 d5 3. Nc3 Nf6 4. Bg5 dxe4 5. Nxe4 Nbd7 6. Nf3 h6 7. Nxf6+ Nxf6
8. Bxf6 Qxf6 9. Bb5+ c6 10. Bd3 Bd6 11. Qe2 Bd7 12. O-O O-O 13. Rad1 Rfd8 14.
Ne5 Be8 15. c3 c5 16. Qe4 cxd4 17. cxd4 g6 18. Qxb7 Bxe5 19. dxe5 Qxe5 20. b3
1/2-1/2

[Event "4NCL Division 1c"]
[Site "Telford, ENG"]
[Date "2019.05.06"]
[Round "11.13"]
[White "Fridman, Daniel"]
[Black "McShane, Luke J"]
[Result "0-1"]
[WhiteElo "2629"]
[BlackElo "2686"]
[PlyCount "204"]
[EventDate "2019.05.06"]
[WhiteTeam "Chess.com Manx Liberty 1"]
[BlackTeam "Guildford 1"]

1. d4 Nf6 2. Nf3 g6 3. g3 Bg7 4. Bg2 O-O 5. O-O d6 6. c4 Nbd7 7. Nc3 e5 8. e4
c6 9. h3 Qa5 10. Qe2 exd4 11. Nxd4 Re8 12. Rd1 Nb6 13. Qd3 Bd7 14. Bf4 Rad8 15.
Bxd6 Bxh3 16. c5 Bxg2 17. Nb3 Qb4 18. cxb6 Bxe4 19. Bxb4 Bxd3 20. bxa7 Bf5 21.
Rxd8 Rxd8 22. Bd6 Ra8 23. Bb8 Nd7 24. Rd1 Bf6 25. Ne4 Be7 26. Bd6 Kf8 27. Bxe7+
Kxe7 28. Nd6 Bg4 29. Rd4 Ne5 30. Kg2 Rxa7 31. Rxg4 Kxd6 32. Rd4+ Ke7 33. a4 Nd7
34. a5 Nf6 35. Kf3 Nd5 36. Ke2 Kd6 37. Rh4 h5 38. Nd2 Ra8 39. b4 Re8+ 40. Kd3
Re1 41. Re4 Ra1 42. Nc4+ Kc7 43. Ne3 Ra3+ 44. Kc4 Kd6 45. Re8 b5+ 46. axb6
Nxb6+ 47. Kd4 Rb3 48. Nc2 Nd5 49. Rd8+ Kc7 50. Rf8 Rf3 51. b5 Rxf2 52. Ne1 Rf5
53. bxc6 Nb4 54. Ke4 Nxc6 55. Nd3 Kd6 56. Nf4 Re5+ 57. Kf3 Ke7 58. Ra8 Nd4+ 59.
Kf2 Ne6 60. Nd3 Rf5+ 61. Ke3 Kf6 62. Ra7 Kg5 63. Nf2 Re5+ 64. Kf3 Nd4+ 65. Kg2
Kf6 66. Ra4 Nf5 67. Ne4+ Kg7 68. Kf3 Re7 69. Ra3 Nd4+ 70. Kf4 Ne2+ 71. Kf3 Ng1+
72. Kf4 Nh3+ 73. Kf3 Re5 74. Nd6 Rd5 75. Nc4 Rd4 76. Ne5 Ng5+ 77. Kf2 Rd2+ 78.
Kf1 Rc2 79. Re3 Ra2 80. Nd7 Ra4 81. Kg2 Rg4 82. Kh2 Rd4 83. Nc5 Rc4 84. Nd7 h4
85. gxh4 Rxh4+ 86. Kg2 Rg4+ 87. Kf1 Rd4 88. Nc5 Rd2 89. Re5 f5 90. Re7+ Kh6 91.
Nd7 Nh3 92. Ne5 Nf4 93. Nf7+ Kh5 94. Ne5 Ra2 95. Kg1 Kh4 96. Rb7 Re2 97. Rb5
Kh5 98. Kf1 Re3 99. Nf7 Nd3 100. Rd5 Re1+ 101. Kg2 Nf4+ 102. Kf2 Re7 0-1

[Event "4NCL Division 1c"]
[Site "Telford, ENG"]
[Date "2019.05.06"]
[Round "11.14"]
[White "Hou, Yifan"]
[Black "Tari, Aryan"]
[Result "1/2-1/2"]
[WhiteElo "2662"]
[BlackElo "2615"]
[PlyCount "73"]
[EventDate "2019.05.06"]
[WhiteTeam "Guildford 1"]
[BlackTeam "Chess.com Manx Liberty 1"]

1. e4 e5 2. Nf3 Nc6 3. Bc4 Nf6 4. d3 Bc5 5. O-O d6 6. c3 h6 7. a4 a5 8. Nbd2
O-O 9. Re1 Be6 10. Bxe6 fxe6 11. Nc4 Ng4 12. Ne3 Bxe3 13. Bxe3 d5 14. Bc5 Re8
15. Qb3 b6 16. Ba3 Nf6 17. Rac1 Rb8 18. h3 Kh8 19. Qc2 Qd7 20. b4 axb4 21. cxb4
dxe4 22. dxe4 Nd4 23. Qd1 Nxf3+ 24. Qxf3 Qxa4 25. Rxc7 Ra8 26. Re3 Rec8 27.
Rxc8+ Rxc8 28. Bb2 Qxb4 29. Bxe5 Rf8 30. Qg3 Kh7 31. Kh2 Rf7 32. Qf4 Qc5 33.
Bd6 Ng4+ 34. hxg4 Rxf4 35. Bxc5 bxc5 36. Kg3 g5 37. Rc3 1/2-1/2

[Event "4NCL Division 1c"]
[Site "Telford, ENG"]
[Date "2019.05.06"]
[Round "11.15"]
[White "Parligras, Mircea-Emilian"]
[Black "Bacrot, Etienne"]
[Result "0-1"]
[WhiteElo "2633"]
[BlackElo "2683"]
[PlyCount "98"]
[EventDate "2019.05.06"]
[WhiteTeam "Chess.com Manx Liberty 1"]
[BlackTeam "Guildford 1"]

1. d4 d5 2. c4 e6 3. Nf3 Nf6 4. Nc3 Be7 5. Bf4 O-O 6. e3 b6 7. cxd5 Nxd5 8.
Nxd5 exd5 9. Bd3 c5 10. dxc5 bxc5 11. O-O Be6 12. Ne5 c4 13. Be2 Bf6 14. Bf3
Na6 15. b3 c3 16. Qd3 Qa5 17. a3 Nc5 18. Qc2 Rac8 19. b4 Qa4 20. Bd1 Qxc2 21.
Bxc2 g5 22. Bxg5 Bxg5 23. bxc5 Rxc5 24. Rab1 Bf6 25. Nf3 Bg4 26. Nd4 Bxd4 27.
exd4 Rc4 28. h3 Bd7 29. Rfd1 Ba4 30. Rbc1 Bxc2 31. Rxc2 Rb8 32. Kf1 Rb3 33. Ke2
Rxa3 34. Kd3 Kg7 35. Rb1 Raa4 36. Rxc3 Rxd4+ 37. Ke3 Rf4 38. Rc2 Rfe4+ 39. Kd2
Rad4+ 40. Kc3 Rc4+ 41. Kd3 Rxc2 42. Kxc2 Re2+ 43. Kd3 Rxf2 44. g4 Rf3+ 45. Kd4
Rxh3 46. Ra1 Rg3 47. Kxd5 Rxg4 48. Ke5 f6+ 49. Ke6 Re4+ 0-1

[Event "4NCL Division 1c"]
[Site "Telford, ENG"]
[Date "2019.05.06"]
[Round "11.16"]
[White "Edouard, Romain"]
[Black "Erdos, Viktor"]
[Result "1-0"]
[WhiteElo "2650"]
[BlackElo "2610"]
[PlyCount "135"]
[EventDate "2019.05.06"]
[WhiteTeam "Guildford 1"]
[BlackTeam "Chess.com Manx Liberty 1"]

1. d4 Nf6 2. Nf3 g6 3. e3 Bg7 4. Be2 O-O 5. O-O c5 6. c3 d6 7. Nbd2 cxd4 8.
exd4 b6 9. a4 a6 10. Ng5 Bb7 11. Bf3 Ra7 12. Re1 h6 13. Bxb7 Rxb7 14. Nge4 Nxe4
15. Nxe4 d5 16. Nd2 Nc6 17. Nf3 Qd6 18. h4 Ra8 19. Qd3 Qd7 20. Ne5 Nxe5 21.
dxe5 Qe6 22. h5 g5 23. f4 gxf4 24. Bxf4 Rc7 25. Be3 Rc6 26. Bf2 Qd7 27. Rad1
Qg4 28. Qxd5 Rac8 29. Qf3 Qxa4 30. Rd4 Rc4 31. Ree4 Rxd4 32. Bxd4 e6 33. Rg4
Kh8 34. Kh2 Qe8 35. Qg3 Qg8 36. Bxb6 Qh7 37. Bd4 Qf5 38. Rh4 a5 39. Qf4 Rb8 40.
c4 Rc8 41. c5 Qxf4+ 42. Rxf4 Rc7 43. Kh3 Bf8 44. Rf3 Bxc5 45. Rc3 Bxd4 46. Rxc7
Bxb2 47. Rxf7 a4 48. Ra7 Bxe5 49. g4 Bb2 50. g5 a3 51. gxh6 Bc1 52. h7 a2 53.
Rxa2 Kxh7 54. Re2 Kg7 55. Rxe6 Bd2 56. Kg4 Bc1 57. Kf5 Bd2 58. Rg6+ Kh7 59. h6
Bc1 60. Rg7+ Kxh6 61. Rg6+ Kh7 62. Kf6 Be3 63. Kf7 Ba7 64. Ra6 Bb8 65. Ra8 Bc7
66. Rc8 Bf4 67. Rc4 Bg5 68. Rc3 1-0

[Event "4NCL Division 1c"]
[Site "Telford, ENG"]
[Date "2019.05.06"]
[Round "11.17"]
[White "Saduakassova, Dinara"]
[Black "Fressinet, Laurent"]
[Result "1/2-1/2"]
[WhiteElo "2461"]
[BlackElo "2639"]
[PlyCount "62"]
[EventDate "2019.05.06"]
[WhiteTeam "Chess.com Manx Liberty 1"]
[BlackTeam "Guildford 1"]

1. d4 d5 2. c4 e6 3. Nc3 Bb4 4. cxd5 exd5 5. Bf4 Ne7 6. e3 O-O 7. Bd3 Bf5 8.
Nf3 c6 9. O-O Bxd3 10. Qxd3 Ng6 11. Bg3 Nd7 12. Ne2 Nf6 13. a3 Be7 14. Nd2 a5
15. a4 Qd7 16. Nc3 Nh5 17. Rad1 f5 18. Be5 f4 19. Nf3 fxe3 20. fxe3 Bb4 21. Qe2
Qe7 22. e4 Nhf4 23. Qc2 Bxc3 24. bxc3 dxe4 25. Qxe4 Nd5 26. Qd3 Qa3 27. c4 Qxd3
28. Rxd3 Nxe5 29. Nxe5 Rxf1+ 30. Kxf1 Rf8+ 31. Nf3 Nb6 1/2-1/2

[Event "4NCL Division 1c"]
[Site "Telford, ENG"]
[Date "2019.05.06"]
[Round "11.18"]
[White "Van Foreest, Jorden"]
[Black "Kolbus, Dietmar"]
[Result "1-0"]
[WhiteElo "2598"]
[BlackElo "2285"]
[PlyCount "95"]
[EventDate "2019.05.06"]
[WhiteTeam "Guildford 1"]
[BlackTeam "Chess.com Manx Liberty 1"]

1. e4 e5 2. Bc4 Nf6 3. d3 c6 4. Nf3 d5 5. Bb3 Bd6 6. Nc3 dxe4 7. Ng5 O-O 8.
Ngxe4 Nxe4 9. Nxe4 Bf5 10. Qf3 Bxe4 11. dxe4 Nd7 12. a3 Nc5 13. Ba2 Qh4 14. Be3
Be7 15. b4 Nxe4 16. g3 Ng5 17. Qxf7+ Nxf7 18. gxh4 Bxh4 19. O-O-O Rfd8 20.
Rxd8+ Rxd8 21. Bxa7 Ra8 22. Bc5 Rxa3 23. Kb2 Rf3 24. Rd1 g5 25. Rd7 b5 26. Rc7
g4 27. Be6 h5 28. Kc1 Rf6 29. Bb3 Rf4 30. Kd1 Kg7 31. Ke2 Rf6 32. c3 Kg6 33.
Bc2+ Kg7 34. Be4 Bg5 35. Bxc6 Bf4 36. Bxb5 Bxh2 37. Bc4 Rf4 38. Bd5 Kg6 39. b5
g3 40. b6 e4 41. fxg3 Bxg3 42. Be3 Ng5 43. Bxf4 Bxf4 44. Rc8 h4 45. b7 h3 46.
b8=Q Bxb8 47. Rxb8 Kf5 48. Ke3 1-0

[Event "4NCL Division 1c"]
[Site "Telford, ENG"]
[Date "2019.05.06"]
[Round "11.22"]
[White "Tan, Justin"]
[Black "Hawkins, Jonathan"]
[Result "0-1"]
[WhiteElo "2519"]
[BlackElo "2567"]
[PlyCount "141"]
[EventDate "2019.05.06"]
[WhiteTeam "Wood Green"]
[BlackTeam "Cheddleton 1"]

1. e4 c6 2. d4 d5 3. Nc3 dxe4 4. Nxe4 Nd7 5. Ng5 Ngf6 6. Bd3 e6 7. N1f3 Bd6 8.
Qe2 h6 9. Ne4 Nxe4 10. Qxe4 Qc7 11. a4 c5 12. O-O Nf6 13. Qh4 c4 14. Be2 Bd7
15. Ne5 Bxe5 16. dxe5 Qxe5 17. Bxc4 Bc6 18. c3 O-O 19. Be3 Qf5 20. Qf4 Qxf4 21.
Bxf4 Rac8 22. Be2 Rfd8 23. Rfd1 Rxd1+ 24. Bxd1 Nd5 25. Bg3 f6 26. Bb3 Kf7 27.
a5 Bb5 28. f3 a6 29. Kf2 Bc4 30. Bc2 Bb5 31. Rd1 Be8 32. Bd6 Rc6 33. Bb8 Rc5
34. Ra1 Nb4 35. Be4 Nc6 36. Bc7 f5 37. Bb1 Kf6 38. Ba2 f4 39. Bb6 Rh5 40. h3
Bg6 41. Rd1 Ke7 42. b4 Ne5 43. Bb3 Nd3+ 44. Kf1 Nb2 45. Rd2 Nd3 46. Bc7 Kf6 47.
Bc4 Ne5 48. Be2 Be8 49. Rd6 Bc6 50. Bd8+ Kf5 51. c4 Nf7 52. Bd3+ Ke5 53. Rxc6
bxc6 54. Bc7+ Kf6 55. b5 cxb5 56. cxb5 axb5 57. a6 Rc5 58. Bb6 Rc8 59. a7 Nd6
60. Bc7 Nf5 61. Bxb5 Ra8 62. Bb8 Ne7 63. Bd7 e5 64. g3 fxg3 65. Kg2 g6 66. h4
h5 67. Kxg3 g5 68. Kh3 Kg6 69. Be8+ Kf5 70. hxg5 Kxg5 71. Bd7 0-1

[Event "4NCL Division 1c"]
[Site "Telford, ENG"]
[Date "2019.05.06"]
[Round "11.23"]
[White "Fodor, Tamas Jr"]
[Black "Harvey, Marcus R"]
[Result "1-0"]
[WhiteElo "2528"]
[BlackElo "2402"]
[PlyCount "127"]
[EventDate "2019.05.06"]
[WhiteTeam "Cheddleton 1"]
[BlackTeam "Wood Green"]

1. e4 e6 2. d4 d5 3. Nd2 h6 4. Ngf3 Nf6 5. Bd3 c5 6. c3 cxd4 7. cxd4 dxe4 8.
Nxe4 Bb4+ 9. Bd2 Be7 10. O-O Nc6 11. Bc3 Nd5 12. Re1 O-O 13. Rc1 Nxc3 14. bxc3
Qa5 15. Bb1 Ba3 16. Rc2 Rd8 17. Rd2 f5 18. Ng3 Ne7 19. Qb3 Nd5 20. c4 Nc3 21.
Bc2 Bb4 22. Re5 b5 23. cxb5 Nd5 24. Rd1 Qa3 25. Nxf5 Rb8 26. Ne3 Qxb3 27. Bxb3
Nc3 28. Rd3 Ne2+ 29. Kh1 Bd6 30. Re4 Nc1 31. Rc3 Nxb3 32. Rxb3 Bb7 33. Rxe6 Kf7
34. Rxd6 Rxd6 35. Nc4 Rdd8 36. Nce5+ Ke6 37. Re3 Kd5 38. h4 a6 39. bxa6 Bxa6
40. Ng6 Rb2 41. Nf4+ Kc4 42. Ne6 Rd6 43. Kg1 Rxa2 44. Nxg7 Rb6 45. Ne5+ Kd5 46.
Re1 Rbb2 47. Ng4 Bc8 48. Nf5 Bxf5 49. Re5+ Kxd4 50. Rxf5 Ke4 51. Nxh6 Rb1+ 52.
Kh2 Rb6 53. f3+ Ke3 54. Ng4+ Ke2 55. Kh3 Rb3 56. h5 Kf1 57. h6 Rb8 58. Rc5 Rb1
59. f4 Ke2 60. f5 Rh1+ 61. Kg3 Rh5 62. Re5+ Kd1 63. f6 Ra3+ 64. Ne3+ 1-0

[Event "4NCL Division 1c"]
[Site "Telford, ENG"]
[Date "2019.05.06"]
[Round "11.24"]
[White "Houska, Jovanka"]
[Black "Eggleston, David J"]
[Result "1/2-1/2"]
[WhiteElo "2426"]
[BlackElo "2401"]
[PlyCount "124"]
[EventDate "2019.05.06"]
[WhiteTeam "Wood Green"]
[BlackTeam "Cheddleton 1"]

1. d4 Nf6 2. Nf3 e6 3. c4 Bb4+ 4. Bd2 Bxd2+ 5. Qxd2 b6 6. g3 Bb7 7. Bg2 O-O 8.
O-O d5 9. Rc1 dxc4 10. Na3 Nbd7 11. Nxc4 c5 12. b4 cxb4 13. Qxb4 Bd5 14. a4 Rc8
15. Ne3 Be4 16. Bf1 Nb8 17. Ne5 Nc6 18. Nxc6 Rxc6 19. Rxc6 Bxc6 20. Rc1 Nd5 21.
Nxd5 Qxd5 22. f3 Qd7 23. Ra1 Rd8 24. a5 Qxd4+ 25. Qxd4 Rxd4 26. Rc1 Rd6 27. e4
f6 28. a6 Kf7 29. Kf2 Ke7 30. Ke3 e5 31. f4 Kd8 32. Bd3 Bd7 33. Rb1 g5 34. fxe5
fxe5 35. h4 gxh4 36. gxh4 Rg6 37. Bc4 Rg3+ 38. Kf2 Rc3 39. Bd5 h5 40. Ke1 Rc2
41. Kd1 Rh2 42. Rxb6 axb6 43. a7 Rh1+ 44. Kd2 Ra1 45. a8=Q+ Rxa8 46. Bxa8 Kc7
47. Bd5 Kd6 48. Bf7 Bg4 49. Kc3 Kc5 50. Be8 b5 51. Bf7 b4+ 52. Kd3 Kb5 53. Be8+
Ka5 54. Kc2 Be2 55. Kd2 b3 56. Kc3 Bd1 57. Bd7 Kb6 58. Be8 Kc5 59. Bg6 Kb5 60.
Be8+ Ka5 61. Bd7 Bc2 62. Be8 Bd1 1/2-1/2